| 000 | 00391nam a22001457a 4500 | ||
|---|---|---|---|
| 005 | 20171221113109.0 | ||
| 008 | 171221b xxu||||| |||| 00| 0 eng d | ||
| 040 | _cPK-LaUMT | ||
| 082 |
_aZIAC 297.076 _bFAR-J |
||
| 100 | _aFaruq , Muhammad | ||
| 245 |
_aJadeed zehan kay shubhaat aur Islam ka jawab/ _cMuhammad Faruq |
||
| 260 |
_aپشاور: _b[ ] _c[ ] |
||
| 300 | _a134 ص | ||
| 942 | _cBK | ||
| 999 |
_c100940 _d100940 |
||